[Event "BCF-ch 79th"]
[Site "Plymouth"]
[Date "1992.??.??"]
[Round "11"]
[White "Collinson, Adam"]
[Black "Hodgson, Julian M"]
[Result "0-1"]
[WhiteElo "2360"]
[BlackElo "2535"]
[Annotator "Bulletin"]
[PlyCount "48"]
[EventDate "1992.08.??"]
[EventType "swiss"]
[EventRounds "11"]
[EventCountry "ENG"]
[SourceTitle "CBM 030 Extra"]
[Source "ChessBase"]
[SourceDate "1992.11.01"]
[SourceVersion "1"]
[SourceVersionDate "1992.11.01"]
[SourceQuality "1"]

1. e4 c5 2. Nf3 d6 3. d4 cxd4 4. Nxd4 Nf6 5. Nc3 a6 6. Be3 Nbd7 7. Qd2 e6 8. f3
b5 9. g4 h6 10. h4 b4 {[ A very rare move and an excellent idea to get White
out of main line preparation. Black usually plays 10..Bb7 11.0-0-0 b4 ]} 11.
Nce2 d5 12. exd5 (12. g5 hxg5 13. exd5 Nxd5 14. Bxg5 Qa5 15. Nf4 Bb7 16. Bc4
Nxf4 17. Qxf4 Qe5+ $1 {[ Was good for Black in Yudasin-Gavrikov USSR Ch. Kiev
1986 ]}) 12... Nxd5 13. Bf2 $6 {[ I cant believe White has time for this, by
comparison with the main line 13.0-0-0 is better ]} Bb7 14. O-O-O Bc5 15. Ng3
Qa5 16. Bc4 N7b6 $5 {[ This works out well and was designed against 17.Nb3 16..
Ne5 fails to 17.Nb3]} (16... Ne5 17. Nb3 $1 (17. Bb3 O-O-O 18. Ne4 {[#] [ The
central box of knights ! ]} Nxf3 $1 19. Nxf3 Nc3 $1 $17) 17... Nxc4 18. Nxa5
Nxd2 19. Bxc5 $18) 17. Bb3 (17. Nb3 {[ Now this fails ]} Qxa2 18. Bxd5 Na4 $1
$19 {[ The point of Nb6 ]}) 17... Nc3 $2 {[#] [ Was this a bluff ? White now
caves in but what did Julian have in mind against 18.Nxe6! (?) ]} (17... O-O-O
$1) 18. Rde1 $2 {[ This just loses, White was perhaps a bit too overawed to
think about the advantage ! ]} (18. Nxe6 $1 fxe6 (18... Bxf2 19. Nc7+ (19. Rhe1
{[ D.Knox - looks incredibly strong ]}) 19... Kf8 20. Qxf2 Nxd1 21. Rxd1 $16
Rc8 22. Nf5 $1) (18... Nxa2+ 19. Bxa2 Qxa2 20. Nxg7+ $16 (20. Qd8+ Rxd8 21.
Rxd8+ Ke7 22. Bxc5+ Kxe6 23. Re1+ Kf6 24. Rd6+ {[ This line made the
commentators (birth) day ]})) 19. Bxc5 Qxc5 (19... Nxd1 20. Qd6 $18) (19...
Nxa2+ 20. Kb1 $1 (20. Bxa2 Qxa2 21. Qxb4 Qa1+ 22. Kd2 O-O-O+ $1 23. Ke2 Rxd1
24. Rxd1 Bxf3+ $1 $19) 20... Qxc5 21. Qd6 $1 (21. Bxe6 Nc3+ 22. bxc3 bxc3 23.
Bd7+ Kd8 $3 $19) (21. Bxa2 Bxf3 22. Rde1 $1 O-O $1 $13 (22... Bxh1 23. Rxe6+
$18) 23. Rxe6 Bd5) 21... Qxd6 22. Rxd6 Nd5 23. Re1 Nac3+ 24. bxc3 Nxc3+ 25. Kb2
O-O 26. Rexe6 Kh7 27. Nf5 $1 {[ /\ 27.Rxh6+ gxh6 28.Rxh6 # ]}) 20. bxc3 bxc3
21. Qd6 $16) 18... O-O-O 19. bxc3 bxc3 20. Qf4 Bxd4 21. Bxd4 Qa3+ 22. Kd1 Rxd4+
23. Qxd4 Bxf3+ 24. Ne2 Qb2 0-1

[Event "World U20-ch22"]
[Site "Belfort"]
[Date "1983.08.18"]
[Round "6"]
[White "Hector, Jonny"]
[Black "Stohl, Igor"]
[Result "0-1"]
[WhiteElo "2300"]
[BlackElo "2335"]
[Annotator "Bulletin/Primel,D"]
[PlyCount "62"]
[EventDate "1983.08.12"]
[EventType "swiss"]
[EventRounds "13"]
[EventCountry "FRA"]
[SourceTitle "EXT 2004"]
[Source "ChessBase"]
[SourceDate "2003.11.25"]
[SourceVersion "1"]
[SourceVersionDate "2003.11.25"]
[SourceQuality "1"]
[TimeControl "40/9000:16/5400:0"]

1. e4 c5 2. Nf3 d6 3. d4 cxd4 4. Nxd4 Nf6 5. Nc3 e6 6. Be3 a6 7. a4 (7. g4 $1
h6 8. Bg2) 7... b6 8. Bd3 Bb7 9. f4 Nbd7 10. g4 $5 $146 {Après avoir adopté
une suite tranquille comme 7.a4, le suédois devient plus agressif avec cette
nouveauté 10.g4} Nc5 {[%cal Gc5e4,Gf6e4,Gb7e4]} 11. Qf3 h6 12. O-O {Le plan
des blancs est assez douteux: avec la structure g4, le B serait mieux placé en
f3 qu'en d3 car l'aile-roi des blancs s'est affaibli} g6 13. b4 {le signe que
le suédois n'était pas satisfait de sa position} Nxd3 14. cxd3 Bg7 $15 15. Rac1
h5 $1 {réfutant le plan des blancs} 16. g5 Ng4 $1 17. Nde2 Nxe3 18. Qxe3 O-O
$17 {[%csl Gb7,Gg7] La nouvelle preuve que Fritz 10 ne comprend pas vraiment
la position car il donne l'égalité alors que c'est un net avantage noir à
cause de la paire de B et de la position exposée du K blanc} 19. Rc2 Re8 20.
Rfc1 Rc8 21. Nb1 $6 Rxc2 22. Rxc2 Bf8 23. Qd2 (23. Qc1 {[%cal Gc2c7]} e5 $1 $40
{[%csl Rf4,Gf8,Rg5]}) 23... d5 $1 $40 24. e5 {[%cal Ge2d4] Les Blancs
espèrent avoir le temps de jouer Nd4 bloquant le centre Noir et le Bb7} d4 $1
{[%csl Gb7,Re2][%cal Gd8d5] Pare la menace Nd4 et c'est probablement déjà
gagnant pour les Noirs} 25. Rc4 Bd5 (25... Qd5 $142 {[%cal Gd5g2]}) 26. Rc1 Qd7
27. Nxd4 Qxa4 28. Nc2 Be7 29. Nc3 Bxb4 30. Nxa4 Bxd2 31. Rf1 $2 Rc8 {STOHL
remonte à la 05ème place avec 4,5/6} 0-1

[Event "World U20-ch22"]
[Site "Belfort"]
[Date "1983.08.21"]
[Round "9"]
[White "Short, Nigel D"]
[Black "Stohl, Igor"]
[Result "1/2-1/2"]
[WhiteElo "2510"]
[BlackElo "2335"]
[Annotator "Bulletin/Primel,D"]
[PlyCount "48"]
[EventDate "1983.08.12"]
[EventType "swiss"]
[EventRounds "13"]
[EventCountry "FRA"]
[SourceTitle "EXT 2004"]
[Source "ChessBase"]
[SourceDate "2003.11.25"]
[SourceVersion "1"]
[SourceVersionDate "2003.11.25"]
[SourceQuality "1"]

1. e4 c5 2. Nf3 d6 3. d4 cxd4 4. Nxd4 Nf6 5. Nc3 e6 (5... a6 6. g3 {Short,N 
(2510)-Klinger,J (2300) Wch U20 Belfort 1983 0-1}) 6. g3 {Une suite tranquille
contre la Scheveninge, jouée notamment par le GMI BROWNE dans les années 70}
Nc6 7. Bg2 Bd7 $1 (7... Be7 $143 8. Nxc6 bxc6 9. e5 $36 {[%csl Rc6,Gg2][%cal
Gg2c6,Re5d6]}) 8. O-O Be7 (8... a6) 9. a4 a6 10. Re1 {une nouveauté théorique
mais en fait c'est une simple interversion de coups} (10. Nb3 {Ostojic,P (2485)
-Suetin,A (2520) URS-YUG Odessa 1975 (2) 1/2}) 10... O-O (10... Qc7) 11. Nxc6
Bxc6 12. a5 {[%csl Gb6]} Qc7 (12... Nd7) 13. Be3 Nd7 {[%cal Gd7b6]} 14. Na4
Rae8 $1 {[%cal Gf7f5] Une idée récente qui avait été popularisée par ANDERSSON}
(14... Rac8 $143 15. Nb6 Nxb6 16. Bxb6 Qd7 17. c4 $14 {Avec un net avantage
d'espace des blancs}) (14... Rad8 $143 15. Nb6 Nf6 16. Bf4 $14) (14... Bxa4 $5
{la paire de B donne permet de garder un petit avantage blanc} 15. Rxa4 Rfc8 {
Jansa,V (2460)-Schmidt,W (2495) Vrnjacka Banja 1981 (7) 1-0}) 15. Nb6 f5 $1 {
[%cal Ge8e6,Ge8e4] L'idée de Rae8 qui soutient "e6" pour permettre d'attaquer
"e4" par "f5"} 16. Nxd7 Qxd7 $11 {[%cal Gd7e6] les noirs ont d'excellents
résultats avec ce plan} 17. Qd3 fxe4 18. Bxe4 Bxe4 19. Qxe4 Bf6 20. Qb4 $5 $146
(20. Bd4 {Wedberg,T (2420)-Velikov,P (2445) Politiken Cup (9) 1/2}) 20... d5
21. c3 Rc8 22. Rad1 Qb5 $5 23. Qxb5 axb5 24. Ra1 {[%cal Ga5a6]} e5 1/2-1/2

[Event "Dilijan FIDE GP (Women)"]
[Site "Dilijan"]
[Date "2013.06.17"]
[Round "2"]
[White "Muzychuk, Anna"]
[Black "Kosintseva, Tatiana"]
[Result "1-0"]
[WhiteElo "2593"]
[BlackElo "2526"]
[Annotator "CB"]
[PlyCount "89"]
[EventDate "2013.06.16"]
[EventType "tourn"]
[EventRounds "11"]
[EventCountry "ARM"]
[EventCategory "11"]
[SourceTitle "CBM 155"]
[Source "ChessBase"]
[SourceDate "2013.07.16"]
[SourceVersion "1"]
[SourceVersionDate "2013.07.16"]
[SourceQuality "1"]

1. e4 c5 2. Nf3 d6 3. d4 cxd4 4. Nxd4 Nf6 5. Nc3 e6 {The Scheveningen
Variation of the Sicilian has been a very strong weapon in Garry Kasparov's
hands.} 6. Be3 Be7 7. f3 Nc6 8. Qd2 O-O 9. g4 a6 10. O-O-O Nxd4 11. Bxd4 b5 12.
g5 Nd7 13. h4 Qc7 14. Kb1 b4 15. Na4 Bb7 16. g6 $1 {Very impressive, and Black
didn't find a satisfactory answer. However as the game continued Kosintseva
managed to create a very strong counterplay on the kingside and push a pawn
all the way to f2.} e5 17. Be3 Bc6 18. gxf7+ Kh8 19. Bg5 Nf6 20. Bxf6 Bxf6 21.
Qxb4 Rab8 22. Qc4 Qb7 23. b3 Bb5 24. Qb4 Be7 25. Rd5 Bxf1 26. Qxb7 Rxb7 27.
Rxf1 Bxh4 28. Rxd6 Rbxf7 29. c4 g5 30. c5 g4 31. c6 gxf3 32. Nb6 f2 {This pawn
is a real distraction for White, but unfortunately for Tatiana she blundered
it in time trouble.} 33. Nd7 Rg8 34. Rdd1 Re7 35. c7 Rc8 36. Nb6 Rcxc7 37. Nd5
Kg7 $2 (37... Rg7 38. Nxc7 Rxc7 {should secure a draw.}) 38. Rh1 Bg5 39. Rdf1
Red7 40. Nxc7 Rxc7 41. Rxf2 {Now Black is simply lost.} Bf4 42. Rg2+ Kf6 43.
Rc2 Ra7 44. Rc6+ Kg7 45. Rd1 1-0

[Event "World Cup"]
[Site "Khanty-Mansiysk"]
[Date "2007.12.02"]
[Round "3.4"]
[White "Svidler, Peter"]
[Black "Rublevsky, Sergei"]
[Result "1-0"]
[WhiteElo "2732"]
[BlackElo "2676"]
[Annotator "CB"]
[PlyCount "59"]
[EventDate "2007.11.24"]
[EventType "k.o."]
[EventRounds "7"]
[EventCountry "RUS"]
[SourceTitle "CBM 122"]
[Source "ChessBase"]
[SourceDate "2008.01.30"]
[SourceVersion "1"]
[SourceVersionDate "2008.01.30"]
[SourceQuality "1"]

{In the first rapid game Svidler missed a large advantage, compensating for
Rublevsky's missed win yesterday. The second rapid game started well for
Rublevsky, but two mistakes in a row led to immediate disaster for Black.} 1.
e4 c5 2. Nf3 e6 3. d4 cxd4 4. Nxd4 Nc6 5. Nc3 a6 6. g3 d6 7. Bg2 Bd7 8. O-O Nf6
9. Nce2 Rc8 10. a4 Qc7 {A tricky move. Usually Black develops the bishop first
(10...Be7)} 11. b3 $6 Nxd4 12. Nxd4 e5 13. Nf5 d5 14. Qd3 g6 $6 {In his desire
to take the pawn in the most convenient way Rublevsky weakens the position and
allows White to keep the queens on the board.} ({After} 14... Bxf5 15. exf5
Qxc2 {it is White who must play for a draw}) ({Less clear is} 14... Qxc2 15.
Qxc2 Rxc2 16. Ne3) 15. Nh6 Qxc2 $2 ({Black had to continue} 15... dxe4 16. Bxe4
Nxe4 17. Qxe4 Bg7 {and in opposite to the game it is more difficult for White
to create threats.}) 16. Qf3 $1 Bg7 17. exd5 {Now the material is equal and
Black has serious problems with the king.} Rf8 {A clear sign that things went
terrible for Black. The rest was an easy task for Svidler, who quickly creates
a decisive attack.} 18. Re1 Rc3 19. Qf4 Kd8 20. Qh4 Rxb3 21. Bg5 Rb6 22. a5 Rd6
23. Qb4 Qc7 24. Rac1 Qb8 25. Rxe5 Bxh6 26. Bxh6 Re8 27. Bf4 Bb5 28. Ree1 Rxe1+
29. Rxe1 Kd7 30. Bh3+ 1-0

[Event "Morelia/Linares 23rd"]
[Site "Morelia/Linares"]
[Date "2006.03.05"]
[Round "10"]
[White "Leko, Peter"]
[Black "Svidler, Peter"]
[Result "1/2-1/2"]
[WhiteElo "2740"]
[BlackElo "2765"]
[Annotator "CB"]
[PlyCount "60"]
[EventDate "2006.02.18"]
[EventType "tourn"]
[EventRounds "14"]
[EventCountry "ESP"]
[EventCategory "20"]
[SourceTitle "CBM 112"]
[Source "ChessBase"]
[SourceDate "2006.06.07"]
[SourceVersion "1"]
[SourceVersionDate "2006.06.07"]
[SourceQuality "1"]

1. e4 c5 2. Nf3 e6 3. d4 cxd4 4. Nxd4 Nc6 5. Nc3 d6 6. Be3 Nf6 7. Qd2 Be7 8. f3
O-O 9. O-O-O a6 {Both players had some experience in this line. Leko's next
move is a slightly unusual way to start the king side attack.} 10. h4 ({
For the time being, White refrains from weakening the f3-square with the more
popular} 10. g4 {. Leko probably wanted to prevent the following plan,
introduced by Kasparov in 1988 and employed a couple of times by Morozevich in
2005:} Nd7 11. h4 Nde5 {when White needs to spend a tempo on the defence of
the f3-pawn. However, this might have been unnecessary precaution in this
concrete case, since Svidler has a different pet variation.}) 10... Nxd4 11.
Bxd4 ({The more natural way to capture back. The alternate} 11. Qxd4 Nd7 12. g4
b5 13. g5 Qa5 14. Kb1 b4 15. Ne2 Bb7 {was seen in Adams-Svidler, San Luis 2005.
}) 11... Nd7 12. g4 b5 13. g5 Qc7 14. Kb1 b4 15. Na4 Bb7 16. b3 Bc6 17. Nb2 a5
18. h5 Ne5 19. Be2 f5 $5 ({This is an interesting novelty over the game
Leko-Kasparov, Linares 2003 which continued with} 19... a4 {and ended in a
draw after complicated fight. It seems to be in Svidler's nature to fight
against the opponent's advantage of space in such radical way. Compare with
the move 30...f5 from the game against Aronian, played in the 5th round of the
Morelia half, although this time the advance oif the f-pawn seems to be more
to the point. An interesting tactical phase will follow now, leading to mass
simplifications and an obvious draw.}) 20. gxf6 Bxf6 21. Nc4 d5 22. Nb6 Rad8
23. exd5 Bxd5 24. Qe3 Ng4 25. Nxd5 Nxe3 26. Nxc7 Bxd4 27. Nxe6 Nxd1 28. Rxd1
Bf6 29. Nxd8 Rxd8 30. Rxd8+ Bxd8 1/2-1/2

[Event "Tata Steel-A 78th"]
[Site "Wijk aan Zee"]
[Date "2016.01.30"]
[Round "12"]
[White "Caruana, Fabiano"]
[Black "Van Wely, Loek"]
[Result "1-0"]
[WhiteElo "2787"]
[BlackElo "2640"]
[Annotator "Caruana,F"]
[PlyCount "73"]
[EventDate "2016.01.16"]
[EventType "tourn"]
[EventRounds "13"]
[EventCountry "NED"]
[EventCategory "20"]
[SourceTitle "CBM 171"]
[Source "ChessBase"]
[SourceDate "2016.03.14"]
[SourceVersion "2"]
[SourceVersionDate "2016.03.14"]
[SourceQuality "1"]

1. e4 c5 2. Nf3 d6 3. d4 cxd4 4. Nxd4 Nf6 5. Nc3 a6 6. f3 e6 {Loek goes for
the sharpest possible line in the Sicilian. Not really what I expected, but he
was probably inspired by my abysmal score in the Najdorf.} 7. Be3 b5 8. Qd2
Nbd7 9. g4 h6 10. O-O-O Bb7 {The old, somewhat forgotten main line.} ({These
days everyone plays} 10... b4 11. Nce2 Qc7 12. h4 d5 {, and now White has a
million options, in all cases leading to immense complications (and very often
a computer analysis aided draw.)}) 11. h4 b4 12. Na4 Qa5 13. b3 Be7 $5 {
This move was already new to me, although Loek had played it 16 years ago...
against Garry Kasparov! I don't think he prepared it for our game, but instead
decided to play it over the board.} ({I was trying to recall the theory after} 
13... Nc5 14. a3 {and here we get a position comparable to the game:} Rc8 (
14... Nxa4 15. axb4 Qc7 16. bxa4 d5 17. e5 Nd7 18. f4 {is another huge line,
with hundreds of games played.}) 15. axb4 Nxb3+ 16. Nxb3 Qxa4 17. Kb2 d5 {
Now if White attempts} 18. Bc5 {, as in the game, Black is perfectly fine after
} (18. c3 {is the correct move, which theory assesses as better for White.})
18... dxe4 19. Bxf8 Kxf8 20. Nc5 Qc6) 14. Rh3 $1 {I spent a lot of time on
this move, and came up with an excellent one. I protect my rook, prepare g5,
and get out of the way of possible tactics on the long diagonal.} ({I didn't
like the stereotypical} 14. Bh3 {because of} g5 $1 {, freezing up White's
kingside play. The machine insists White is better after} 15. a3 d5 16. hxg5
hxg5 17. e5 Nxe5 18. Bxg5 {, but it seems unnecessarily complex to me.}) (14.
Be2 {was my instinctive reaction, but then I realized that} g6 $1 {, followed
by ...e5 leaves the knight comically trapped on d4.}) 14... Nc5 {Necessary, as
otherwise g5 comes.} 15. a3 Rc8 {A very natural move, and the one I was
expecting, but surprisingly it seems to be a serious error.} (15... Nxa4 16.
axb4 Qc7 17. bxa4 Nd7 {was probably the only way to achieve a playable
position.} (17... d5 18. e5 Nd7 19. f4 {is a better version of the same
position without Rh3 and Be7 for White. The rook is excellently placed on h3
to defend White's king after Bg1, with a quick attack with f5 to follow.}) 18.
a5 Ne5 19. Nb3 {, but Black is still struggling to find meaningful counterplay.
}) 16. axb4 (16. Qxb4 $6 Qc7 $1 {is unclear, because ...d5 is in the air.})
16... Nxb3+ 17. Nxb3 Qxa4 18. Kb2 {Logically it seems like the inclusion of
Rh3 and Be7 should favor Black, but the opposite is true.} d5 (18... Bxe4 $5 {
was Loek's suggestion after the game, but it doesn't work:} 19. Ra1 $1 Qc6 20.
fxe4 Nxe4 21. Qd3 Bf6+ 22. Bd4 Nf2 23. Qd2 Nxh3 24. Bxf6 gxf6 25. Bxh3 {
, and White emerges with a decisive advantage.}) 19. Bc5 {A good move, and
after this it becomes clear that all is not well with Black's position, but
there was an even stronger option.} ({The counter-intuitive} 19. Ra1 $1 {
was extremely strong:} Qc6 (19... Qxb4 20. c3 Qd6 21. e5 $1 {, and the pawn is
immune because the queen will get trapped on e5, so Black loses a piece.}) 20.
c3 Qc7 21. e5 Nd7 22. f4 {, with a tremendous positional advantage.}) 19... Qd7
({I spent a lot of time calculating what happens after} 19... dxe4 20. Bxe7
Kxe7 21. Nc5 Qc6 (21... Rxc5 $4 22. Qd6+ Ke8 23. Qd8#) 22. g5 (22. Nxb7 e3 $1
23. Qd6+ Qxd6 24. Nxd6 Rcd8 {regains the piece with an unclear position.})
22... Rhd8 (22... Nd5 23. fxe4 Nxb4 24. Qd7+ {wins a piece.}) 23. gxf6+ gxf6
24. Qe1 Rxd1 25. Qxd1 exf3 {, and although Loek seemed extremely skeptical
about Black's position after the game, this might have been a good practical
chance.}) 20. g5 ({In hindsight I think the less direct, more positional
approach with} 20. e5 Ng8 21. f4 {, would have been crushing. Black has no
counterplay and will soon be under attack after f5.}) 20... hxg5 ({I was
expecting} 20... Nh5 {and planned} 21. f4 Qc7 22. e5 {with a tremendous
advantage. Loek found a more resilient defense.}) 21. hxg5 Rxh3 22. Bxh3 Nh7
23. f4 {A natural move, restricting the knight on h7, but it was best to
aggressively break up Black's kingside immediately.} (23. g6 $1 Ng5 24. Bg4 {
was very strong, for example after} fxg6 25. exd5 Bxd5 26. c4) 23... Qc7 24.
Bxe7 $6 ({Again} 24. g6 {was best:} Nf6 25. gxf7+ Kxf7 {and this position
didn't look entirely clear to me, but there are various ways to win, the most
convincing being} 26. Qe2 $1 {, with the point that ...Nxe4 is met by Qh5+ and}
dxe4 {loses to} 27. Bxe6+ $1 Kxe6 28. Qc4+ Bd5 29. Rxd5 Nxd5 30. Nd4+ Kf6 31.
Qxd5) 24... Kxe7 25. Nc5 a5 {Now I started to realize that the position was
spiraling out of control and to make matters worse, we were both getting low
on time.} 26. g6 Nf6 ({Possibly better was} 26... Nf8 27. gxf7 axb4 28. Nxb7 {
and here what Loek missed and what concerned me during the game was} Qc3+ $1
29. Qxc3 bxc3+ 30. Ka3 (30. Kc1 Ra8) 30... Ra8+ 31. Kb4 Rb8 32. Kxc3 Rxb7 33.
exd5 exd5 34. Rxd5 Kxf7 {, and White still has chances to win this, but it
will be far from easy.}) 27. e5 Nd7 (27... Ne4 28. Nxe4 dxe4 29. Qd6+ Qxd6 30.
exd6+ {should win handily.}) 28. Nxd7 Qxd7 29. f5 {Now the situation looks
grim for Black, because threats like f6 and gxf7 are in the air.} Rc4 $2 {
This loses, but it was hard to find the correct defence for Black.} ({We tried
to make} 29... Qa4 {work after the game, but it isn't close to adequate:} 30.
f6+ gxf6 31. exf6+ Kd6 {, and now, among other moves,} 32. Bxe6 $1 Kxe6 (32...
fxe6 33. f7) 33. Re1+ Kd7 34. gxf7 {wins.}) (29... Qc7 $1 {was most persistent.
} 30. f6+ Kf8 $1 31. fxg7+ Kxg7 32. gxf7 Kxf7 {, and surprisingly checks lead
nowhere, so White needs to play the quiet move} 33. Kb1 $1 {, with an
initiative, but Black has good chances to hold on.}) 30. f6+ {Now it's all
over.} gxf6 31. exf6+ Kd6 (31... Kxf6 32. Rf1+ {is curtains.}) 32. Qh2+ $1 {
This is the move Loek missed when he played 29...Rc4.} (32. g7 Qa4 $1 {starts
counterplay, and although it's still winning for White, under time pressure
Black has swindling chances.}) 32... Kc6 33. g7 {Now Black's queen can't
quickly come to aid the attack.} Qd8 (33... Rxb4+ 34. Kc1) 34. Qe5 Bc8 ({
I was expecting} 34... Qb6 35. g8=Q Rxb4+ 36. Kc1 Rb1+ 37. Kd2 Qf2+ 38. Qe2
Qd4+ 39. Ke1 {, and was a bit worried about this position, but didn't see any
constructive checks for Black.} Qh4+ 40. Kf1 Qxh3+ 41. Kg1 Rxd1+ 42. Qxd1 Qe3+
43. Kg2 {is indeed winning for White.}) 35. b5+ Kb7 36. Rg1 (36. Rxd5 $1 exd5
37. Qe7+ Qxe7 38. fxe7 {was even stronger and more aesthetically pleasing.})
36... Qb6 37. g8=Q (37. g8=Q Qxb5+ 38. Kc1 {is the end of the checks, so Loek
resigned. After this win I moved to +4, with chances to catch up to 1st place
going into the last round, but a disappointing loss ended my hopes.}) 1-0